<?xml version="1.0" encoding="UTF-8"?>
<record
    xmlns:xsi="http://www.w3.org/2001/XMLSchema-instance"
    xsi:schemaLocation="http://www.loc.gov/MARC21/slim http://www.loc.gov/standards/marcxml/schema/MARC21slim.xsd"
    xmlns="http://www.loc.gov/MARC21/slim">

  <leader>03090njm a2200493Ia 4500</leader>
  <controlfield tag="001">73196</controlfield>
  <controlfield tag="003">IT-RoPAU</controlfield>
  <controlfield tag="005">20220918181155.0</controlfield>
  <controlfield tag="008">131025s9999    xx            000 0 und d</controlfield>
  <datafield tag="040" ind1=" " ind2=" ">
    <subfield code="a">IT-RoPAU</subfield>
  </datafield>
  <datafield tag="040" ind1=" " ind2=" ">
    <subfield code="c">IT-RoPAU</subfield>
  </datafield>
  <datafield tag="041" ind1=" " ind2=" ">
    <subfield code="a">POLACCO</subfield>
  </datafield>
  <datafield tag="999" ind1=" " ind2=" ">
    <subfield code="c">102485</subfield>
    <subfield code="d">102485</subfield>
  </datafield>
  <datafield tag="999" ind1=" " ind2=" ">
    <subfield code="b">n.d.</subfield>
  </datafield>
  <datafield tag="100" ind1=" " ind2=" ">
    <subfield code="a">AA.VV.</subfield>
    <subfield code="9">794</subfield>
  </datafield>
  <datafield tag="100" ind1=" " ind2=" ">
    <subfield code="e">Autore musica</subfield>
    <subfield code="9">24744</subfield>
  </datafield>
  <datafield tag="100" ind1=" " ind2=" ">
    <subfield code="g">Codice autore musica SPICS: 12000</subfield>
    <subfield code="9">796</subfield>
  </datafield>
  <datafield tag="245" ind1=" " ind2=" ">
    <subfield code="a">Z Archiwum Polskiego Beatu vol. 2 (Lp Sx 2199)</subfield>
  </datafield>
  <datafield tag="250" ind1=" " ind2=" ">
    <subfield code="a">1a ed.</subfield>
  </datafield>
  <datafield tag="260" ind1=" " ind2=" ">
    <subfield code="a">POLONIA</subfield>
  </datafield>
  <datafield tag="260" ind1=" " ind2=" ">
    <subfield code="b">MUZA</subfield>
    <subfield code="c">1987 [1a Ed.:1966 - Ed. Lingua Orig.: 1966]</subfield>
  </datafield>
  <datafield tag="300" ind1=" " ind2=" ">
    <subfield code="a">DISCO</subfield>
  </datafield>
  <datafield tag="500" ind1=" " ind2=" ">
    <subfield code="a">Musica leggera polacca. Canzone polacca.</subfield>
  </datafield>
  <datafield tag="505" ind1=" " ind2=" ">
    <subfield code="a">Siedemnascie Milionow - Milosc Sprzed Lat - To Nie Moja Wina - Cyganska Wrozba - Nie O Tobie Dzisiaj Mysle - Wilhelm Tell Beat - Kwiatki - Bedziesz Tylko W Tej Piosence - Badz Powazny Choc Raz - Troche Dobrze, Troche Zle - Pozwolcie Spiewac Ptakom - Big Beatland</subfield>
  </datafield>
  <datafield tag="511" ind1=" " ind2=" ">
    <subfield code="a">Czerwono-Czarni</subfield>
  </datafield>
  <datafield tag="650" ind1=" " ind2=" ">
    <subfield code="a">MUSICA POLACCA [DISCHI]</subfield>
    <subfield code="e">Codice MATERIA SPICS: 9950</subfield>
    <subfield code="9">24745</subfield>
  </datafield>
  <datafield tag="700" ind1=" " ind2=" ">
    <subfield code="a">Kacperski W.</subfield>
    <subfield code="d">Codice autore musica SPICS: 25432</subfield>
    <subfield code="e">Autore musica</subfield>
    <subfield code="p">Siedemnascie Milionow</subfield>
    <subfield code="9">24746</subfield>
  </datafield>
  <datafield tag="700" ind1=" " ind2=" ">
    <subfield code="a">Miller J.</subfield>
    <subfield code="d">Codice autore testo/musica SPICS: 25498</subfield>
    <subfield code="e">Autore testo/musica</subfield>
    <subfield code="p">Siedemnascie Milionow</subfield>
    <subfield code="9">24747</subfield>
  </datafield>
  <datafield tag="700" ind1=" " ind2=" ">
    <subfield code="a">Skorupka A.</subfield>
    <subfield code="d">Codice autore musica SPICS: 25433</subfield>
    <subfield code="e">Autore musica</subfield>
    <subfield code="p">Milosc Sprzed Lat</subfield>
    <subfield code="9">24748</subfield>
  </datafield>
  <datafield tag="700" ind1=" " ind2=" ">
    <subfield code="a">Dzikowski K.</subfield>
    <subfield code="d">Codice autore testo/musica SPICS: 25190</subfield>
    <subfield code="e">Autore testo/musica</subfield>
    <subfield code="p">Milosc Sprzed Lat - Bedziesz Tylko W Tej Piosence - Badz Powazny Choc Raz - Troche Dobrze, Troche Zle - Big Beatland</subfield>
    <subfield code="9">24749</subfield>
  </datafield>
  <datafield tag="700" ind1=" " ind2=" ">
    <subfield code="a">Poznakowski R.</subfield>
    <subfield code="d">Codice autore musica SPICS: 25103</subfield>
    <subfield code="e">Autore musica</subfield>
    <subfield code="p">To Nie Moja Wina - Pozwolcie Spiewac Ptakom</subfield>
    <subfield code="9">24750</subfield>
  </datafield>
  <datafield tag="700" ind1=" " ind2=" ">
    <subfield code="a">Winkler K.</subfield>
    <subfield code="d">Codice autore testo/musica SPICS: 25189</subfield>
    <subfield code="e">Autore testo/musica</subfield>
    <subfield code="p">To Nie Moja Wina</subfield>
    <subfield code="9">24751</subfield>
  </datafield>
  <datafield tag="700" ind1=" " ind2=" ">
    <subfield code="a">Lech J.</subfield>
    <subfield code="d">Codice autore musica SPICS: 25434</subfield>
    <subfield code="e">Autore musica</subfield>
    <subfield code="p">Cyganska Wrozba</subfield>
    <subfield code="9">24752</subfield>
  </datafield>
  <datafield tag="700" ind1=" " ind2=" ">
    <subfield code="a">Karszowa M.</subfield>
    <subfield code="d">Codice autore testo/musica SPICS: 25521</subfield>
    <subfield code="e">Autore testo/musica</subfield>
    <subfield code="p">Cyganska Wrozba</subfield>
    <subfield code="9">24753</subfield>
  </datafield>
  <datafield tag="700" ind1=" " ind2=" ">
    <subfield code="a">Maga K.</subfield>
    <subfield code="d">Codice autore musica SPICS: 25435</subfield>
    <subfield code="e">Autore musica</subfield>
    <subfield code="p">Nie O Tobie Dzisiaj Mysle - Bedziesz Tylko W Tej Piosence</subfield>
    <subfield code="9">24754</subfield>
  </datafield>
  <datafield tag="700" ind1=" " ind2=" ">
    <subfield code="a">Kondratowicz J.</subfield>
    <subfield code="d">Codice autore testo/musica SPICS: 25196</subfield>
    <subfield code="e">Autore testo/musica</subfield>
    <subfield code="p">Nie O Tobie Dzisiaj Mysle - Pozwolcie Spiewac Ptakom</subfield>
    <subfield code="9">24755</subfield>
  </datafield>
  <datafield tag="700" ind1=" " ind2=" ">
    <subfield code="a">Rossiniego G.</subfield>
    <subfield code="d">Codice autore musica SPICS: 25436</subfield>
    <subfield code="e">Autore musica</subfield>
    <subfield code="p">Wilhelm Tell Beat</subfield>
    <subfield code="9">24756</subfield>
  </datafield>
  <datafield tag="700" ind1=" " ind2=" ">
    <subfield code="a">Sobolewski A.</subfield>
    <subfield code="d">Codice autore musica SPICS: 25437</subfield>
    <subfield code="e">Autore musica</subfield>
    <subfield code="p">Kwiatki</subfield>
    <subfield code="9">24757</subfield>
  </datafield>
  <datafield tag="700" ind1=" " ind2=" ">
    <subfield code="a">Kania R.</subfield>
    <subfield code="d">Codice autore testo/musica SPICS: 25522</subfield>
    <subfield code="e">Autore testo/musica</subfield>
    <subfield code="p">Kwiatki</subfield>
    <subfield code="9">24758</subfield>
  </datafield>
  <datafield tag="700" ind1=" " ind2=" ">
    <subfield code="a">Kacperski W.</subfield>
    <subfield code="d">Codice autore musica SPICS: 25432</subfield>
    <subfield code="e">Autore musica</subfield>
    <subfield code="p">Badz Powazny Choc Raz</subfield>
    <subfield code="9">24759</subfield>
  </datafield>
  <datafield tag="700" ind1=" " ind2=" ">
    <subfield code="a">Winkler K.</subfield>
    <subfield code="d">Codice autore SPICS: 25189</subfield>
    <subfield code="e">Autore</subfield>
    <subfield code="p">Badz Powazny Choc Raz - Big Beatland</subfield>
    <subfield code="9">24760</subfield>
  </datafield>
  <datafield tag="700" ind1=" " ind2=" ">
    <subfield code="a">Zomerski H.</subfield>
    <subfield code="d">Codice autore musica SPICS: 25438</subfield>
    <subfield code="e">Autore musica</subfield>
    <subfield code="p">Troche Dobrze, Troche Zle</subfield>
    <subfield code="9">24761</subfield>
  </datafield>
  <datafield tag="700" ind1=" " ind2=" ">
    <subfield code="a">Klejne H.</subfield>
    <subfield code="d">Codice autore musica SPICS: 25439</subfield>
    <subfield code="e">Autore musica</subfield>
    <subfield code="p">Big Beatland</subfield>
    <subfield code="9">24762</subfield>
  </datafield>
  <datafield tag="942" ind1=" " ind2=" ">
    <subfield code="c">MD</subfield>
    <subfield code="2">ddc</subfield>
  </datafield>
  <datafield tag="952" ind1=" " ind2=" ">
    <subfield code="0">0</subfield>
    <subfield code="1">0</subfield>
    <subfield code="4">0</subfield>
    <subfield code="6">73196_000000000000000</subfield>
    <subfield code="7">1</subfield>
    <subfield code="a">SPICS</subfield>
    <subfield code="b">SPICS</subfield>
    <subfield code="d">2013-10-25</subfield>
    <subfield code="l">0</subfield>
    <subfield code="o">73196</subfield>
    <subfield code="r">2013-10-25 00:00:00</subfield>
    <subfield code="w">2013-10-25</subfield>
    <subfield code="y">MD</subfield>
    <subfield code="z">Progr. Ins.: 17529 / N.Vol.: 1 / Copie: 1 - Copia rara: n.d. / date import: 01.01.2014 - By Epidotti, Trombetti, Vaglietti</subfield>
  </datafield>
</record>
